Online Catalogue and eLibrary

Conflicts in feminism / (Record no. 41)

MARC details
000 -LEADER
fixed length control field 00677pam a2200229 a 4500
001 - CONTROL NUMBER
control field 1998156
005 - DATE AND TIME OF LATEST TRANSACTION
control field 20231120050749.0
008 - FIXED-LENGTH DATA ELEMENTS--GENERAL INFORMATION
fixed length control field 900319s1990 nyu b 001 0 eng
020 ## - INTERNATIONAL STANDARD BOOK NUMBER
ISBN 0415901774 :
020 ## - INTERNATIONAL STANDARD BOOK NUMBER
ISBN 0415901782 (pbk.) :
040 ## - CATALOGING SOURCE (பட்டியலாக்க மூலம்)
Original cataloging agency DLC
Transcribing agency DLC
Modifying agency DLC
082 00 - DDC Classification
Class No. 305.42/0973
DDC Edition Number 20
245 00 - TITLE STATEMENT
Title Conflicts in feminism /
Statement of responsibility, etc. edited by Marianne Hirsch & Evelyn Fox Keller.
260 ## - PUBLICATION, DISTRIBUTION, ETC.
Place of publication, distribution, etc. New York :
Name of publisher, distributor, etc. Routledge,
Date of publication, distribution, etc. 1990.
300 ## - PHYSICAL DESCRIPTION
Extent (e.g. Volumes, Pages etc.) ix, 397 p. ;
650 #0 - SUBJECT ADDED ENTRY--TOPICAL TERM
Topical term or geographic name entry element Feminism
650 #0 - SUBJECT ADDED ENTRY--TOPICAL TERM
Topical term or geographic name entry element Feminist criticism
700 1# - ADDED ENTRY--PERSONAL NAME
Personal name Hirsch, Marianne.
Relator term (Role) Editor
700 1# - ADDED ENTRY--PERSONAL NAME
Personal name Keller, Evelyn Fox,
Relator term (Role) Editor
856 42 - ELECTRONIC LOCATION AND ACCESS
Uniform Resource Identifier <a href="http://www.loc.gov/catdir/enhancements/fy0647/90034999-d.html">http://www.loc.gov/catdir/enhancements/fy0647/90034999-d.html</a>
942 ## - Koha item type (Biblio)
Koha item type Books in Stacks (Lending)
Holdings
Lost status Damaged status Collection code Home library Current library Date acquired Full call number Accession Number Item type
    Lending WERC Library WERC Library 11/20/2023 305.42/0973 2009 Books in Stacks (Lending)

© WERC Library